La inflación y sus efectos sobre la obligación del asegurador / (Registro nro. 5385)
[ vista simple ]
| 000 -LEADER | |
|---|---|
| fixed length control field | 01412nab a22002537a 4500 |
| 003 - CONTROL NUMBER IDENTIFIER | |
| control field | OSt |
| 005 - DATE AND TIME OF LATEST TRANSACTION | |
| control field | 20250307102811.0 |
| 008 - FIXED-LENGTH DATA ELEMENTS--GENERAL INFORMATION | |
| fixed length control field | 190603e xxum|||| |||| 00| 0 spa d |
| 040 ## - CATALOGING SOURCE | |
| Transcribing agency | PJ |
| 100 ## - MAIN ENTRY--PERSONAL NAME | |
| 9 (RLIN) | 5094 |
| Personal name | Melo, Verónica E. |
| 245 13 - TITLE STATEMENT | |
| Title | La inflación y sus efectos sobre la obligación del asegurador / |
| Statement of responsibility, etc | Verónica E. Melo. |
| 260 ## - PUBLICATION, DISTRIBUTION, ETC. (IMPRINT) | |
| Date of publication, distribution, etc | Ciudad Autónoma de Buenos Aires : |
| Place of publication, distribution, etc | Thomson Reuters La Ley, |
| Name of publisher, distributor, etc | 2024. |
| 300 ## - PHYSICAL DESCRIPTION | |
| Extent | p. 27-36 |
| 500 ## - GENERAL NOTE | |
| General note | Cita Online: TR LALEY AR/DOC/951/2024.<br/> |
| 505 ## - FORMATTED CONTENTS NOTE | |
| Formatted contents note | Sumario: I. Introducción.— II. Efectos de la inflación sobre las relaciones jurídicas y las respuestas jurisprudenciales.— III. Obligaciones de dinero y de valor: su aplicación a la obligación del asegurador.— IV. El impacto de la inflación en el contrato de seguro y las pólizas de seguro.— V. La interpretación de la Corte Suprema de Justicia Nacional de la prohibición de indexar.— VI. Colofón. |
| 505 ## - FORMATTED CONTENTS NOTE | |
| Title | ¿Te interesa el texto completo? Solicitalo al correo: koha@justierradelfuego.gov.ar<br/> |
| 650 #0 - SUBJECT ADDED ENTRY--TOPICAL TERM | |
| 9 (RLIN) | 4601 |
| Topical term or geographic name as entry element | INFLACIÓN |
| 650 #0 - SUBJECT ADDED ENTRY--TOPICAL TERM | |
| 9 (RLIN) | 1382 |
| Topical term or geographic name as entry element | INDEMNIZACION |
| 650 #0 - SUBJECT ADDED ENTRY--TOPICAL TERM | |
| 9 (RLIN) | 3790 |
| Topical term or geographic name as entry element | ACTUALIZACIÓN MONETARIA |
| 650 #0 - SUBJECT ADDED ENTRY--TOPICAL TERM | |
| 9 (RLIN) | 5480 |
| Topical term or geographic name as entry element | OBLIGACIONES DEL ASEGURADOR |
| 650 #0 - SUBJECT ADDED ENTRY--TOPICAL TERM | |
| 9 (RLIN) | 530 |
| Topical term or geographic name as entry element | OBLIGACIONES DE DAR SUMAS DE DINERO |
| 773 0# - HOST ITEM ENTRY | |
| Host Biblionumber | 2713 |
| Host Itemnumber | 3170 |
| Place, publisher, and date of publication | Ciudad Autónoma de Buenos Aires : Thomson Reuters La Ley, 2015- |
| Title | Revista Código Civil y Comercial. Nº 3 - Junio 2024 |
| 942 ## - ADDED ENTRY ELEMENTS (KOHA) | |
| Source of classification or shelving scheme | |
| Koha item type | Analítica Artículo de Revista |
No hay ítems disponibles.
